Guess the lyrics (classic TV) Quiz Stats

 Plays Quiz not verified by Sporcle

Score 0/76 Timer 06:00
0 Plays Today
Lyric % Correct
the
97.9%
the
97.9%
and
97.9%
a
97.9%
The
97.9%
The
97.9%
I
95.7%
I
95.7%
I
95.7%
you
88.5%
You
88.5%
be
86.8%
to
80.1%
me
75.4%
me
75.4%
me
75.4%
we
73.9%
is
72.2%
is
72.2%
is
72.2%
love
70.7%
are
64.3%
are
64.3%
for
62.8%
so
57.9%
where
57.9%
there
53.8%
that
53.2%
my
48.9%
life
45.1%
life
45.1%
but
42.5%
place
39.3%
just
39.3%
just
39.3%
get
34.2%
Green
33.5%
Green
33.5%
Lyric % Correct
Acres
33.1%
out
33.1%
Acres
33.1%
give
32.9%
give
32.9%
livin'
32.7%
far
32.7%
Good
31.4%
Farm
31.2%
I'd
28.6%
New
28.4%
Times
26.7%
city
26.5%
York
26.3%
Park
25.4%
Avenue
25.2%
wide
25%
air,
24.8%
Darling
24.1%
Fresh
24.1%
rather
23.5%
stay
23.5%
wife.
23.1%
countryside
22.9%
bye
22.9%
Land
22%
stores
22%
Keep
21.4%
hay
21.2%
Square
21.2%
allergic
20.7%
Manhattan,
20.5%
smelling
20.5%
view.
20.5%
adore
20.1%
penthouse
19.2%
spreadin'
18.8%
chores,
17.9%

You're not logged in!

Compare scores with friends on all Sporcle quizzes.
OR
Log In

Show Comments

Extras

Created Oct 17, 2010SourceReportNominate
Tags:Show Quiz, classic

Top Quizzes Today


Score Distribution

Your Account Isn't Verified!

In order to create a playlist on Sporcle, you need to verify the email address you used during registration. Go to your Sporcle Settings to finish the process.

Report this User

Report this user for behavior that violates our Community Guidelines.

Details: